Los Bienes de las corporaciones locales : formularios a cargo de la redacción de El Consultor de los Ayuntamientos / Nemesio Rodríguez Moro formularios a cargo de la redacción de El Consultor de los Ayuntamientos / Nemesio Rodríguez Moro
Descripción Física:
625 p. ; 21 cm
Materias:
Administració local -- Espanya
MARC
| LEADER | 00000nam a2200000Ia 4500 | ||
|---|---|---|---|
| 001 | 13251 | ||
| 008 | 160829s1969 xx 000 0 cat d | ||
| 080 | |a M-3-425 | ||
| 100 | |a Rodríguez Moro, Nemesio |9 25549 | ||
| 245 | |a Los Bienes de las corporaciones locales : |b formularios a cargo de la redacción de El Consultor de los Ayuntamientos / Nemesio Rodríguez Moro | ||
| 260 | |a Madrid : |b Publicaciones Abella, |c 1969 | ||
| 300 | |a 625 p. ; |c 21 cm | ||
| 650 | 0 | |a Administració local |z Espanya |9 37433 | |
| 901 | |a Arxiu | ||
| 942 | |n 1 | ||
| 952 | |0 0 |1 0 |4 0 |6 M3425 |7 1 |9 43672 |a Arxiu |b Arxiu |d 2016-12-01 |l 0 |o M-3-425 |p 13251 |r 2016-12-01 00:00:00 |w 2016-12-01 |y ARXIU | ||
| 999 | |c 46220 |d 46220 | ||